LEADER 01301naa a2200217 u 4500 001 000000099918 003 CaOOAMICUS 005 20070226130200.0 008 051013s1982 it u000 u ger u 035 $a11063658 040 $aIAR$bita 100 1 $aBosl, Karl,$d1908-$0(OLS)http://pul/name/6807 245 14$aDie Bedeutung der deutschen und italienischen Landesgeschichte für die moderne Gesellschaftsgeschichte Europas und des Westens /$cKarl Bosl. 260 $aBologna :$bIl Mulino,$c1982. 300 $aS. 51-104 ;$c24 cm 730 0 $aAnnali dell'Istituto storico italo-germanico in Trento = Jahrbuch des Italienisch-Deutschen Historischen Instituts in Trient$g[Spogli].$0(OLS)http://pul/title/8676 773 0 $aJahrbuch des italienisch-deutschen historischen Instituts in Trient.$g7 (1981) 773 0 $aAnnali dell'Istituto storico italo.germanico in Trento.$g7 (1981) 773 0 $aIstituto storico italo-germanico.$tAnnali dell'Istituto storico italo-germanico in Trento = Jahrbuch des Italienisch-Deutschen Historischen Instituts in Trient$w()5918 996 $6245$aDie Bedeutung der deutschen und italienischen Landesgeschichte für die moderne Gesellschaftsgeschichte Europas und des Westens$9(OLS)http://pul/title/126796 996 $6260$aBologna :$bIl Mulino$9(OLS)http://pul/publisher/47928 LEADER 01295nam a2200277 a 4500 001 000000153046 003 CaOOAMICUS 005 20160719154548.0 008 160719s1984 it 000 u ita r 032 $aLibriCat 040 $aPUL$bita 100 1 $aCardi, Enzo,$d1950-$0(OLS)http://pul/name/29072 245 13$aLa manifestazione di interessi nei procedimenti amministrativi /$cEnzo Cardi. 260 $aCittą di Castello :$bTibergraph,$c©1984. 300 $av. ;$c24 cm. 504 $aBibliografia in nota a pič pagina. 505 0 $aV. 2. I profili della tutela e i valori normativi della condotta. 650 4$aDiritto amministrativo.$0(OLS)http://pul/subject/17627 710 2 $aUniversitą degli studi di Perugia.$0(OLS)http://pul/name/5263 850 $aPUL 852 $aPUL$W1$xDP1 Fondo G. Barberini$y122$m3 B 63$j162969$qFondi$B178615$CPULBib$Z2$F178615 $HBar840 $81 852 $aPUL$W1$xDP1 Fondo G. Barberini$y122$m4 G 76$j177882$qFondi$B181065$CPULBib$Z2$F181065 $HBar392 $81 941 1 $a1 996 $6245$aLa manifestazione di interessi nei procedimenti amministrativi$9(OLS)http://pul/title/192475 996 $6260$aCittą di Castello :$bTibergraph$9(OLS)http://pul/publisher/85194